Shirdi Sai : the supreme / (Record no. 124449)

MARC details
000 -LEADER
fixed length control field 00711nam a22002297a 4500
005 - DATE AND TIME OF LATEST TRANSACTION
control field 20170124105939.0
010 ## - LIBRARY OF CONGRESS CONTROL NUMBER
LC control number A-935905
020 ## - INTERNATIONAL STANDARD BOOK NUMBER
Terms of availability 80.00
035 ## - SYSTEM CONTROL NUMBER
System control number A-935905
037 ## - SOURCE OF ACQUISITION
Source of stock number/acquisition Cen Lib/Ret
040 ## - CATALOGING SOURCE
Original cataloging agency DPL
Language of cataloging EN
082 ## - DEWEY DECIMAL CLASSIFICATION NUMBER
Classification number 230.35
Item number SHI
245 ## - TITLE STATEMENT
Title Shirdi Sai : the supreme /
Statement of responsibility, etc edited by S.p. Ruhela
260 ## - PUBLICATION, DISTRIBUTION, ETC. (IMPRINT)
Place of publication, distribution, etc New Delhi
Name of publisher, distributor, etc Diamond Pocket Books
Date of publication, distribution, etc 1997
270 ## - ADDRESS
City New Delhi
Address X-30, okhla industrial area, phse-2
Postal code 110020
300 ## - PHYSICAL DESCRIPTION
Extent 214p.
Dimensions 20cm(Hb)
500 ## - GENERAL NOTE
General note Includes bibliographical references and appendix
650 ## - SUBJECT ADDED ENTRY--TOPICAL TERM
Topical term or geographic name as entry element Hindu religion
9 (RLIN) 91294
650 ## - SUBJECT ADDED ENTRY--TOPICAL TERM
Topical term or geographic name as entry element Grace
General subdivision Shirdi sai baba
9 (RLIN) 91295
700 ## - ADDED ENTRY--PERSONAL NAME
Personal name Ruhela, S.P.
9 (RLIN) 10284
942 ## - ADDED ENTRY ELEMENTS (KOHA)
Source of classification or shelving scheme Dewey Decimal Classification
Koha item type English Books
Classification part 230.35
Call number suffix SHI
Holdings
Withdrawn status Lost status Damaged status Not for loan Home library Current library Date acquired Source of acquisition Cost, normal purchase price Total Checkouts Total Renewals Full call number Barcode Date last seen Date checked out Copy number Cost, replacement price Price effective from Koha item type
        Central Library Central Library 16/06/2015 Cen Lib/Ret 80.00 24 7 230.35 SHI A-935905 24/03/2025 10/03/2025 1 80.00 15/09/2016 English Books

© Delhi Public Library
Hit Counter
free hit counter